00834 2200265 4500001002100000005001700021008004100038035002400079082001200103090002200115100001600137245014900153250001000302260003500312300002800347440002800375500004300403650003000446700002400476700001900500850001500519980001300534985000600547999001500553YOGYA-0209000004817120090227031909.0 ind  0010-020900000048171 a153.733 a153.733bBon MlT aBONE, Diane aMenjadi pendengar yang baikbpedoman praktis untuk mendengarkan yang efektifcDiane Bone; alih bahasa Rochmulyati Hamzah; editor, F.X. Budiyanto aCet.1 aJakartabBinarupa Aksarac1991 avi, 65 hlmbilusc23 cm aSeri manajemen 50 menit aJudul asli : The business of listening aMendengarkan (kominikasi) aHamzah, Rokhmulyati aBudiyanto, F.X aYOPDYOG(M) a10-10-07 a1 a93P0040660